000 00292nam a22001217a 4500
008 181020b xxu||||| |||| 00| 0 eng d
041 _aeng
080 _a341
100 _a19
101 _aSHP
245 _aPolitics and Religion in Central and Eastern Europe
_cSwatos, W.H
942 _2udc
_cBK
999 _c50324
_d50324